| 000 | 00963nam a2200289 a 4500 | ||
|---|---|---|---|
| 008 | 951213s1979||||[C 0 slo c | ||
| 020 |
_c22 Kčs. _q(15000 výtl.) |
||
| 040 |
_aSNK _bslo _cSNK _eAACR2 |
||
| 041 | 1 |
_aslo _hrus |
|
| 044 |
_axo _cSK |
||
| 080 | _a1100.1(082.2) | ||
| 080 | _a1100.4 | ||
| 080 | _a330.342.14(47 | ||
| 080 | _a57)(082.2) | ||
| 080 | _a330.342.14(47 | ||
| 080 | _a57) | ||
| 080 | _a1 100.4(082.2) | ||
| 100 | 1 |
_aLenin, Vladimir Iľjič _4aut |
|
| 245 | 1 | 0 |
_aZobrané spisy 3 _bVývoj kapitalizmu v Rusku _cVladimir Iľjič Lenin ; Karol Truchlik, Oto Takáč |
| 250 | _a2., vyd. | ||
| 260 |
_aBratislava _bPravda _c1979 _eBratislava _fPravda |
||
| 300 |
_a931 s., 47,25 AH _bFot. Tb. _c21 cm |
||
| 500 | _aLit. 809. Pozn. Men. reg. Údaje o práci V.I.Lenina. 809 zázn. lit. o knihách, čl., čas. a zbor. v jaz. slov., čes., rus. a angl. | ||
| 700 | 1 |
_aTruchlik, Karol _4trl |
|
| 700 | 1 |
_aTakáč, Oto _4bkd |
|
| 958 | _aA | ||
| 999 |
_c15423 _d15423 |
||